书目信息 |
| 题名: |
Dictionary of AMERICAN DIPLOMATIC HISTORY
|
|
| 作者: | 约翰·芬德林 | |
| 分册: | ||
| 出版信息: |
|
|
| 页数: | ||
| 开本: | 24cm | |
| 丛书名: | ||
| 单 册: | ||
| 中图分类: | G112 | |
| 科图分类: | ||
| 主题词: | 文化事业--世界 | |
| 电子资源: | ||
| ISBN: | ||
| 000 | 00483nam0 2200157 450 | |
| 001 | 202410292888159460 | |
| 005 | 20241112105030.07 | |
| 100 | @a20241029d km y0chiy0120 ea | |
| 101 | 0 | @achi |
| 200 | 1 | @aDictionary of AMERICAN DIPLOMATIC HISTORY@f约翰·芬德林@FYue Han·Fen De Lin |
| 215 | @d24cm | |
| 606 | 0 | @a文化事业@x世界 |
| 690 | @aG112@v4 | |
| 701 | 0 | @a约翰·芬德林@AYue Han·Fen De Lin |
| 801 | 0 | @aCN@b大连网信软件有限公司图书馆·11@c20241112 |
| 905 | @aZUCC@b116988@dG112@e142@f1 | |
| Dictionary of AMERICAN DIPLOMATIC HISTORY/约翰·芬德林 |
| 24cm |
| ISBN : |
| ● |
| 相关链接 |
|
|
|
|
正题名:Dictionary of AMERICAN DIPLOMATIC HISTORY
索取号:G112/142
 
预约/预借
| 序号 | 登录号 | 条形码 | 馆藏地/架位号 | 状态 | 备注 |
| 1 | 116988 | 001169880 | 密集书库-史法系/ [索取号:G112/142] | 在馆 |